| 000 | 00496cam a2200193ua 4500 | ||
|---|---|---|---|
| 001 | 1708 | ||
| 005 | 20260515113356.0 | ||
| 008 | 110715n xxk |||gr||||Z||||||eng | ||
| 040 | _cMAIN | ||
| 082 | _a330.9 | ||
| 100 | 1 |
_aBrown, A. J., _eAuthor. |
|
| 245 | 1 |
_aintroduction to the world economy _cby A. J. Brown |
|
| 250 | _a7th. | ||
| 260 |
_aLondon: _bUnwin university books,966. |
||
| 300 |
_a214p: _c23cm. |
||
| 653 | _aEconomic | ||
| 653 | _aintroduction to the world economic | ||
| 942 | _cBK | ||
| 999 |
_c1592 _d1592 |
||